| 000 | 00517nam a2200217Ia 4500 | ||
|---|---|---|---|
| 003 | GCL | ||
| 008 | 140319s9999 xx 000 0 eng d | ||
| 040 |
_aGCL / _cGCL |
||
| 082 | 0 | 4 |
_a792.23 _bF C |
| 100 | 1 | _aFEUERHAHN, NELLY | |
| 245 | 1 | 0 |
_aLA COMEDIE SOCIALE / _cFEUERHAHN, NELLY |
| 700 | 1 | _aSYLVAS, FRANCAISE | |
| 260 |
_a[S.N] : _bCULTURE ET SOCIETE ، _c1997 |
||
| 300 | _a185 P | ||
| 650 | 0 | 4 | _aARTS |
| 650 | 0 | 4 | _aTHEATER |
| 650 | 0 | 4 | _aDRAMA |
| 650 | 0 | 4 | _aACTING |
| 650 | 0 | 4 | _aCOMEDY |
| 942 |
_2ddc _cBK |
||
| 999 |
_c16108 _d16108 |
||